01461njm a2200265Ia 4500001000600000003000900006005001700015008004100032040001300073040001300086100001100099100001800110100003800128245001800166250001100184260001100195260003800206300001700244300003000261500010500291505062300396511006901019650005201088700005501140L0368IT-RoPAU20220918181156.0131025s9999 xx 000 0 und d aIT-RoPAU cIT-RoPAU aAA.VV. eAutore musica gCodice autore musica SPICS: 12000 aTop Jazz 2003 a1a ed. aMILANO bHACHETTE RUSCONIc2004 [1a Ed.:0] aCOMPACT DISC c54 minuti (Testo: 0 pag.) aQuesta antologia raccoglie il meglio del 2003 in fatto di dischi, musicisti, gruppi e nuovi talenti. aAfrican Triptch Wide Lake (di G. Trovesi, Milano giugno 2002, 5:13) - E. Pieranunzi Trio: Waltzfor A Future Movie (di E. Pieranunzi, Roma giugno 2002, 7:24) - Doctor 3: Barcarolle Winter 3 (di T. Waits, Orvieto ottobre 2002, 5:49) - H.C. (di F. Bearzatti, Cavalicco dicembre 2002, 6:16) - Dark Flame (di Uri Caine After G. Mahler, loc. varie tra 1999-2003, 11:05) - Jarrett Peacock e Dejohnette: Butch & Butch (di O. Nelson, Juan-Les-Pins Luglio 2002) - Gangsterism On Stages (di Jason. Moran, New York novembre 2002, 5:11) - Streams of Consciousness (di Max. Roach e Abdullah Ibrahim, New York settembre 1977, 5:10). aG. Trovesi, E. Pieranunzi, Doctor 3, F. Bearzatti, U. Caine, ... aJAZZ [COMPACT DISC]eCodice MATERIA SPICS: 9949 aAA.VV.gCodice interprete SPICS: 12000eInterprete